| 000 | 01252cam a22003254a 4500 | ||
|---|---|---|---|
| 999 |
_c10367 _d10367 |
||
| 001 | 12668193 | ||
| 003 | GBCCL | ||
| 005 | 20241126110730.0 | ||
| 008 | 020204s2002 flu b 000 0 eng | ||
| 010 | _a 2002101656 | ||
| 020 | _a0884198723 | ||
| 035 | _a(DLC) 2002101656 | ||
| 040 |
_aDLC _cDLC _dDLC |
||
| 042 | _apcc | ||
| 050 | 0 | 0 |
_aBR153 _b.H93 2002 |
| 082 | 0 | 0 |
_a270 _222 _bHYA |
| 100 | 1 |
_aHyatt, Eddie L. _917997 |
|
| 245 | 1 | 0 |
_a2000 years of charismatic Christianity / _cEddie L. Hyatt. |
| 246 | 3 | _aTwo thousand years of charismatic Christianity | |
| 260 |
_aLake Mary, Fla. : _bCharisma House, _cc2002. |
||
| 300 |
_axii, 225 p. ; _c22 cm. |
||
| 504 | _aIncludes bibliographical references (p. 218-225). | ||
| 650 | 0 |
_aChurch history. _9117 |
|
| 650 | 0 |
_aPentecostalism _xHistory. _917998 |
|
| 856 | 4 | 2 |
_3Publisher description _uhttp://www.loc.gov/catdir/enhancements/fy1009/2002101656-d.html |
| 856 | 4 | 2 |
_3Contributor biographical information _uhttp://www.loc.gov/catdir/enhancements/fy1110/2002101656-b.html |
| 906 |
_a7 _bcbc _corignew _d2 _eepcn _f20 _gy-gencatlg |
||
| 942 |
_2ddc _cBK |
||